Statistics for Nourriture dans Minecraft

Click here to take the quiz!

General Stats

  • This quiz has been taken 73 times
  • The average score is 9 of 39

Answer Stats

MéthodeObjet% Correct
AutrePomme
76%
CueilletteCarotte
62%
FabricationPain
62%
CuissonSteak
62%
CueillettePomme de terre
54%
FabricationGâteau
51%
CueilletteBaie sucrée
35%
CueilletteTranche de pastèque
35%
CueilletteBetterave
32%
CuissonPoulet rôti
32%
CombatChair putréfiée
22%
FabricationPomme dorée
22%
FabricationCookie
21%
CuissonMouton cuit
21%
CombatPoulet cru
21%
FabricationTarte à la citrouille
21%
CuissonPorc cuit
19%
Outil/objetSoupe de champignons
19%
Outil/objetRagoût de lapin
17%
CuissonSaumon cuit
16%
CombatBoeuf cru
14%
CuissonLapin cuit
14%
Outil/objetPoisson-globe
14%
FabricationCarotte dorée
13%
CombatMouton cru
13%
CuissonPomme de terre cuite
13%
FabricationPomme dorée enchantée
13%
CombatPorc cru
13%
CueilletteChorus
11%
CuissonMorue cuite
11%
CombatOeil d'araignée
11%
CombatLapin cru
10%
Outil/objetFiole de miel
8%
CueillettePomme de terre empoisonnée
8%
Outil/objetSaumon crue
6%
Outil/objetMorue crue
5%
CuissonAlgue séchée
3%
Outil/objetPoisson tropical
3%
Outil/objetSoupe de betteraves
3%

Score Distribution

Percentile by Number Answered

Percent of People with Each Score

Your Score History

You have not taken this quiz